000 01841nam0a2200409 4500
001 RU\NLR\BIBL_A\022619852
005 20260420053228.0
010 _a978-5-09-123973-7
_91000
021 _aRU
_bКН-П-25-043473
_9КН-П-25-4231
035 _a(NLR Aleph) 022619852
090 _a13684123
_c13684123
100 _a20250911d2025 u y0rusy50 ca
101 0 _arus
_aeng
102 _aRU
_aGB
105 _aac j 000yy
181 0 _ai3
_baxxe
182 0 _an
200 1 _aАнглийский язык. Elementary
_eучебное пособие
_eдля учащихся языковых курсов, обучающихся в системе дополнительного образования и внеурочной деятельности
_fЕ. В. Костюк, Л. Б. Колоницкая, Дж. Кроксфорд, Г. Фруэн
203 _aТекст
_bвизуальный
_cнепосредственный
210 _aМосква
_cПросвещение
_a[London]
_cPearson
_d2025
215 _a147 с.
_cцв. ил., портр.
_d28
225 1 _aВместе
225 1 _aФГОС
300 _aНа обл. и корешке: Team up!: elementary
300 _aАвт. указаны на обороте тит. с.
333 _a6+
512 1 _aTeam up!
_eelementary
_zeng
606 1 _aАнглийский язык
_jУчебные издания
_9972309
_3RU\NLR\AUTH\6646032
686 1 _aШ143.21-93рус5
701 1 _7ca
_8rus
_aКостюк
_bЕ. В.
_gЕвгения Владимировна
_9236790
_3RU\NLR\AUTH\770236846
701 1 _aКолоницкая
_bЛ. Б.
_gЛидия Борисовна
701 1 _aКроксфорд
_bД.
_gДжейн
701 1 _aФруэн
_bГ.
_gГрэм
942 _cBOOK
980 _aNB